00559nam a2200181Ia 450000500170000000800410001702000150005804000180007304100080009108200220009910000180012124500430013925000290018226000590021130000280027065000460029865000330034420260127151442.0210716s2006 xx 000 0 und d a8125910042 cAIMIT LIBRARY aeng a658.001 26bDWID aDwivedi, D N. aManagerial economics /cBy D N Dwivedi a6th ed.bRevised Edition aNew Delhi :bVikas Publishing House Pvt Ltd ,c2006 . axxiv,650p. ;c24cm.bPB aAnalysis of demand and demand forecasting aProduction and cost analysis